[Event "Barcelona Sant Marti op 11th"]
[Site "Barcelona"]
[Date "2024.01.11"]
[Round "1"]
[White "Garcia Gonzalez, Juan"]
[Black "Albert Estebanez, Carles"]
[Result "0-1"]
[WhiteElo "1520"]
[BlackElo "1846"]
[PlyCount "78"]
[EventDate "2024.01.11"]
[EventType "swiss"]
[EventRounds "9"]
[EventCountry "ESP"]
[SourceTitle "CBM 219 Extra"]
[Source "ChessBase"]
[SourceDate "2024.05.31"]
[SourceVersion "1"]
[SourceVersionDate "2024.05.31"]
[SourceQuality "1"]

1. c4 c6 2. d4 d5 3. Nf3 Nf6 4. Nc3 Nbd7 5. e3 e6 6. c5 b6 7. b4 a5 8. bxa5 bxc5 9. a6 Bxa6 10. Bxa6 Rxa6 11. 0-0 Qc7 12. a4 Be7 13. Ba3 0-0 14. Qc2 Bd6 15. h3 Rfa8 16. Rfb1 c4 17. Bxd6 Qxd6 18. Rb7 h6 19. Rab1 R6a7 20. g4 e5 21. dxe5 Nxe5 22. Nd4 Rxb7 23. Rxb7 g6 24. f4 Nd3 25. Rb6 Qe7 26. Qd2 c5 27. Nf3 Ne4 28. Nxd5 Qd8 29. Qc2 Qxd5 30. Nd2 Nxd2 31. Qxd2 Qf3 32. f5 Qg3+ 33. Kf1 Rxa4 34. Rb1 Qxh3+ 35. Kg1 Qxg4+ 36. Kh2 Qxf5 37. Kh1 Qh3+ 38. Kg1 Qg3+ 39. Kf1 Rb4 0-1

[Event "Barcelona Sant Marti op 10th"]
[Site "Barcelona"]
[Date "2023.02.16"]
[Round "6"]
[White "Albert Estebanez, Carles"]
[Black "Fernandez Pisonero, Daniel"]
[Result "1-0"]
[WhiteElo "1823"]
[BlackElo "1700"]
[PlyCount "51"]
[EventDate "2023.01.12"]
[EventType "swiss"]
[EventRounds "9"]
[EventCountry "ESP"]
[SourceTitle "CBM 213 Extra"]
[Source "ChessBase"]
[SourceDate "2023.05.31"]
[SourceVersion "1"]
[SourceVersionDate "2023.05.31"]
[SourceQuality "1"]

1. d4 Nf6 2. Bf4 e6 3. e3 d5 4. Nc3 Bd6 5. Qf3 Bxf4 6. Qxf4 a6 7. Nf3 Nc6 8. a3 b6 9. Bd3 Bb7 10. e4 dxe4 11. Nxe4 Rc8 12. 0-0 Nxe4 13. Bxe4 Qf6 14. Qe3 0-0 15. Ne5 Nd8 16. Nd7 Qe7 17. Nxf8 Qxf8 18. Rad1 Qd6 19. d5 e5 20. f4 f6 21. fxe5 Qxe5 22. Rfe1 g6 23. d6 cxd6 24. Qb3+ Kg7 25. Bxb7 Qc5+ 26. Kh1 1-0

[Event "Barcelona Sant Marti op 7th"]
[Site "Barcelona"]
[Date "2018.02.15"]
[Round "6"]
[White "Albert Estebanez, Carles"]
[Black "Villar Reymundo, Juan Antonio"]
[Result "1-0"]
[WhiteElo "1817"]
[BlackElo "2121"]
[PlyCount "81"]
[EventDate "2018.01.11"]
[EventType "swiss"]
[EventRounds "9"]
[EventCountry "ESP"]
[SourceTitle "EXT 2019"]
[Source "ChessBase"]
[SourceDate "2018.10.10"]
[SourceVersion "1"]
[SourceVersionDate "2018.10.10"]
[SourceQuality "1"]

1. d4 Nf6 2. Bf4 g6 3. Nc3 d5 4. e3 Bg7 5. h4 c5 6. Nf3 Qa5 7. Qd2 c4 8. Be2 b5 9. e4 Bb7 10. e5 b4 11. exf6 bxc3 12. Qxc3 Qxc3+ 13. bxc3 exf6 14. Rb1 Bc8 15. Rxb8 Rxb8 16. Bxb8 Bf5 17. Bxa7 Kd7 18. Bc5 Re8 19. Kf1 Bxc2 20. a3 Bh6 21. g4 Bf4 22. Ne1 Bb3 23. Ng2 Bd2 24. Bb4 Kc6 25. Rh3 Bc2 26. Ne3 Be4 27. a4 f5 28. gxf5 gxf5 29. Bf3 Bd3+ 30. Kg2 Rd8 31. Nxd5 Be4 32. Bxe4 fxe4 33. Ne3 Ra8 34. a5 Kb5 35. Rg3 Rc8 36. Rg5+ Ka4 37. Nxc4 Rxc4 38. Rc5 Rxc5 39. dxc5 Bf4 40. a6 Bb8 41. c6 1-0

[Event "Barcelona Sant Marti op 7th"]
[Site "Barcelona"]
[Date "2018.02.01"]
[Round "4"]
[White "Albert Estebanez, Carles"]
[Black "Anguera Maestro, Jaime"]
[Result "1/2-1/2"]
[WhiteElo "1817"]
[BlackElo "2012"]
[PlyCount "98"]
[EventDate "2018.01.11"]
[EventType "swiss"]
[EventRounds "9"]
[EventCountry "ESP"]
[SourceTitle "EXT 2019"]
[Source "ChessBase"]
[SourceDate "2018.10.10"]
[SourceVersion "1"]
[SourceVersionDate "2018.10.10"]
[SourceQuality "1"]

1. d4 Nf6 2. Bf4 d5 3. e3 c6 4. c3 g6 5. Bd3 Bg7 6. Nd2 0-0 7. h3 Nbd7 8. Ngf3 Re8 9. Ne5 Nxe5 10. dxe5 Nd7 11. Nf3 f6 12. exf6 exf6 13. 0-0 Ne5 14. Be2 Be6 15. Rc1 Qe7 16. Qc2 Bf5 17. Qd1 Rad8 18. Nd4 Bc8 19. b4 Kh8 20. a4 a6 21. Qb3 Bf8 22. Rfd1 Qf7 23. Rb1 Bd6 24. Bh2 Qc7 25. b5 c5 26. Nc2 c4 27. Qb2 Bf5 28. Rd2 Be4 29. Rbd1 Nd3 30. Bxd6 Qxd6 31. Bxd3 Bxd3 32. Nb4 axb5 33. Nxd3 cxd3 34. Qxb5 Qc6 35. Rxd3 Re5 36. Qxc6 bxc6 37. c4 Ra8 38. cxd5 Rxd5 39. Rxd5 cxd5 40. Rd4 Ra5 41. Kf1 Kg7 42. Ke2 Kf7 43. Kd3 Ke6 44. Rb4 Kd6 45. Kd4 Ra6 46. e4 dxe4 47. Kxe4 Kc5 48. Rd4 Re6+ 49. Kd3 Kb6 1/2-1/2

[Event "Barcelona Sant Marti op 6th"]
[Site "Barcelona"]
[Date "2017.02.23"]
[Round "7"]
[White "Albert Estebanez, Carles"]
[Black "Antequera Garcia, Luis"]
[Result "1-0"]
[WhiteElo "1751"]
[BlackElo "1356"]
[PlyCount "55"]
[EventDate "2017.01.12"]
[EventType "swiss"]
[EventRounds "9"]
[EventCountry "ESP"]
[SourceTitle "EXT 2018"]
[Source "ChessBase"]
[SourceDate "2017.10.13"]
[SourceVersion "1"]
[SourceVersionDate "2017.10.13"]
[SourceQuality "1"]

1. e4 e5 2. Nf3 Nc6 3. d4 exd4 4. Bc4 Be7 5. c3 Nf6 6. e5 Ne4 7. Bd5 Ng5 8. cxd4 Nxf3+ 9. Qxf3 0-0 10. Be3 Nb4 11. Be4 Bg5 12. 0-0 Bxe3 13. fxe3 d5 14. exd6 Qxd6 15. a3 Nc6 16. Nc3 Be6 17. Bxh7+ Kxh7 18. d5 Kg8 19. dxe6 Qxe6 20. Rad1 Rad8 21. Rxd8 Rxd8 22. Ne4 Ne5 23. Qg3 Nc4 24. Nf6+ Kf8 25. Qxc7 Rc8 26. Nd7+ Ke7 27. Qxc8 Qxd7 28. Rxf7+ 1-0

[Event "Barcelona Sant Marti op 6th"]
[Site "Barcelona"]
[Date "2017.02.16"]
[Round "6"]
[White "Bernat, Ernest"]
[Black "Albert Estebanez, Carles"]
[Result "1-0"]
[WhiteElo "1898"]
[BlackElo "1751"]
[PlyCount "46"]
[EventDate "2017.01.12"]
[EventType "swiss"]
[EventRounds "9"]
[EventCountry "ESP"]
[SourceTitle "EXT 2018"]
[Source "ChessBase"]
[SourceDate "2017.10.13"]
[SourceVersion "1"]
[SourceVersionDate "2017.10.13"]
[SourceQuality "1"]

1. e4 d5 2. exd5 Nf6 3. Nc3 Nxd5 4. Nf3 c5 5. Bc4 e6 6. 0-0 Be7 7. Re1 Nxc3 8. bxc3 a6 9. a4 b6 10. d4 Bb7 11. Ne5 0-0 12. Qg4 Bd5 13. Bd3 cxd4 14. cxd4 f5 15. Qe2 Bf6 16. c4 Bb7 17. Bb2 Kh8 18. Ba3 Bxe5 19. Qxe5 Nc6 20. Qxe6 Nxd4 21. Qe7 Be4 22. Bxe4 Qxe7 23. Bxe7 Rae8 1-0

[Event "Barcelona Sant Marti op-B 16th"]
[Site "Barcelona"]
[Date "2014.07.19"]
[Round "7"]
[White "Albert Estebanez, Carles"]
[Black "Castellet Menchon, Didac"]
[Result "0-1"]
[WhiteElo "1890"]
[BlackElo "2080"]
[PlyCount "102"]
[EventDate "2014.07.13"]
[EventType "swiss"]
[EventRounds "9"]
[EventCountry "ESP"]
[SourceTitle "CBM 161 Extra"]
[Source "ChessBase"]
[SourceDate "2014.08.29"]
[SourceVersion "1"]
[SourceVersionDate "2014.08.29"]
[SourceQuality "1"]

1. e4 c5 2. Nf3 Nc6 3. Bb5 g6 4. Bxc6 dxc6 5. d3 Bg7 6. Nc3 Bg4 7. h3 Bxf3 8. Qxf3 e5 9. Be3 Qd6 10. a4 Nf6 11. 0-0 Nd7 12. Ne2 Nf8 13. Rfd1 Ne6 14. c3 0-0 15. Rab1 a5 16. Rd2 f5 17. exf5 gxf5 18. Rdd1 Qe7 19. Qh5 f4 20. Bc1 Qf7 21. Qf3 Rad8 22. b4 axb4 23. cxb4 c4 24. Bb2 cxd3 25. Nc1 Rfe8 26. Nxd3 e4 27. Qxe4 Ng5 28. Qxf4 Qxf4 29. Nxf4 Rxd1+ 30. Rxd1 Bxb2 31. h4 Ne6 32. Re1 Kf7 33. Nxe6 Rxe6 34. Rxe6 Kxe6 35. Kf1 Bc3 36. b5 c5 37. Ke2 b6 38. g4 Ke5 39. Kf3 c4 40. h5 Bd4 41. g5 Kf5 42. g6 hxg6 43. hxg6 Kxg6 44. Ke2 Kf5 45. f3 Kf4 46. Kd1 Kxf3 47. Kc1 Ke3 48. Kc2 Ke4 49. Kd2 c3+ 50. Ke2 Kd5 51. Kd3 Kc5 0-1

[Event "Sant Adria de Besos op 08th"]
[Site "Sant Adria de Besos"]
[Date "2012.04.15"]
[Round "1"]
[White "Ruiz Manchon, Francesco Xavier"]
[Black "Albert Estebanez, Carles"]
[Result "1-0"]
[WhiteElo "2135"]
[BlackElo "1711"]
[PlyCount "73"]
[EventDate "2012.04.15"]
[EventType "swiss"]
[EventRounds "9"]
[EventCountry "ESP"]
[SourceTitle "CBM 148 Extra"]
[Source "ChessBase"]
[SourceDate "2012.06.22"]
[SourceVersion "1"]
[SourceVersionDate "2012.06.22"]
[SourceQuality "1"]

1. e4 c5 2. c3 e6 3. d3 d5 4. Nd2 Nc6 5. Ngf3 Nge7 6. g3 g6 7. Bg2 Bg7 8. 0-0 0-0 9. Re1 Rb8 10. exd5 exd5 11. Nb3 b6 12. Bf4 Rb7 13. d4 c4 14. Nbd2 h6 15. h4 Bg4 16. Nf1 Qd7 17. Qd2 Kh7 18. Re2 Bh3 19. Rae1 Bxg2 20. Kxg2 Nf5 21. N1h2 Nd6 22. Bxd6 Qxd6 23. Ng4 b5 24. a3 b4 25. axb4 a5 26. h5 axb4 27. hxg6+ fxg6 28. Re6 Qd7 29. Qc2 Qf7 30. Nh4 Ne7 31. Rxe7 Rxe7 32. Rxe7 Qxe7 33. Nxg6 b3 34. Nxf8+ Kg8 35. Qf5 Bxf8 36. Qxd5+ Kh7 37. Qf5+ 1-0